Normale Ansicht MARC-Ansicht ISBD

Adaptation in Turkish Literature, Cinema and Media. (Titelsatznr. 73094)

[ MARC ]
MARC-Details
000 -Satzkennung
Kontrollfeld mit fester Länge 01376nam a22003733i 4500
001 - Kontrollnummer
Kontrollfeld EBC31808155
003 - Kontrollnummer Identifier
Kontrollfeld MiAaPQ
005 - Datum und Zeit der letzten Transaktion
Kontrollfeld 20251024192622.0
007 - Feld mit fester Länge zur physischen Beschreibung - Allgemeine Information
Kontrollfeld mit fester Länge cr cnu||||||||
008 - Feld mit fester Länge zur physischen Beschreibung - Allgemeine Angaben
Kontrollfeld mit fester Länge 251024s2024 xx o ||||0 eng d
020 ## - Internationale Standardbuchnummer
Internationale Standardbuchnummer 9783031744464
Nähere Angaben (electronic bk.)
020 ## - Internationale Standardbuchnummer
Gelöschte/ungültige ISBN 9783031744457
040 ## - Katalogisierungsquelle
Original-Katalogisierungsstelle MiAaPQ
Katalogisierungssprache eng
Übertragungsstelle MiAaPQ
100 1# - Haupteintragung - Personenname
Personenname Öz, Seda.
Koha-Normdatenidentnummer 67456
245 10 - Titel
Titel Adaptation in Turkish Literature, Cinema and Media.
250 ## - Ausgabebezeichnung
Ausgabebezeichnung 1st ed.
264 #1 - Produktion, Veröffentlichung, Distribution, Herstellung und Urheberrechtsvermerk
Herstellungs-, Veröffentlichungs- Vertriebs-, Erzeugungsort Cham :
Produzent, Herausgeber, Distributor, Hersteller Palgrave Macmillan,
Datum der Herstellung, der Veröffentlichung, des Vertriebs oder des Urheberschutzvermerks 2024.
264 #4 - Produktion, Veröffentlichung, Distribution, Herstellung und Urheberrechtsvermerk
Datum der Herstellung, der Veröffentlichung, des Vertriebs oder des Urheberschutzvermerks {copy}2025.
300 ## - Physische Beschreibung
Umfang 1 online resource (242 pages)
336 ## - Inhaltstyp
Inhaltstypterm Text
Inhaltstypcode txt
Quelle rdacontent
337 ## - Medientyp
Bezeichnung des Medientyps Computermedien
Medientypcode c
Quelle rdamedia
338 ## - Datenträgertyp
Datenträgertypbezeichnung Online Resource
Datenträgertypcode cr
Quelle rdacarrier
490 1# - Gesamttitelangabe
Gesamttitelangabe Palgrave Studies in Adaptation and Visual Culture Series
500 ## - Allgemeine Fußnote
Allgemeine Fußnote E-Book-ProQuest / Fernzugriff nach Registrierung möglich
655 ## - Indexierungsterm - Genre/Form
Genre/Form oder fokussierter Term Fernzugriff
Koha-Normdatenidentnummer 230
655 #4 - Indexierungsterm - Genre/Form
Genre/Form oder fokussierter Term
700 1# - Nebeneintragung - Personenname
Personenname Can, Taner.
Koha-Normdatenidentnummer 67457
776 08 - Andere physische Form
Verweisungsphrase Print version:
Haupteintragung Öz, Seda
Titel Adaptation in Turkish Literature, Cinema and Media
Ort, Verlag und Erscheinungsjahr Cham : Palgrave Macmillan,c2024
Internationale Standardbuchnummer 9783031744457
830 #0 - Nebeneintragung unter dem Gesamttitel - Einheitstitel
Einheitstitel Palgrave Studies in Adaptation and Visual Culture Series
Koha-Normdatenidentnummer 67458
856 40 - Elektronische Adresse und Zugriff
URL <a href="https://ebookcentral.proquest.com/lib/maxweberstiftung-ebooks/detail.action?docID=31808155">https://ebookcentral.proquest.com/lib/maxweberstiftung-ebooks/detail.action?docID=31808155</a>
OPAC-Notiz Volltext
942 ## - Zusätzliche Felder (Koha)
Koha-Medientyp E-Books
Exemplare
Ausgeschieden Verloren Klassifikation oder Aufstellungssystematik Beschädigt Nicht entleihbar Heimatbibliothek Aufenthaltsbibliothek Aufstellungsort Erwerbungsdatum Inventarnummer Signatur Barcode Letzte Aktivität Preis gültig von Koha-Medientyp
    Andere/Generische Klassifikation     MWN Osteuropa MWN Osteuropa Online-Ressource 24/10/2025 25-e01114 E-25-e01114 76015 24/10/2025 24/10/2025 E-Books